000 00293nam a22001337a 4500
020 _a81-7797-018-6
082 _a001
_bKUM/Q
100 _aKUMAR, MOHANA S
245 _aQUIZ LAND
_b3500 QUIZ
260 _aTRIVANDRUM
_bSISO BOOKS
_c2004
300 _a543
650 _aQUIZ
_zKERALA
942 _cBK
999 _c2175
_d2175